logo

DIOS DE LA LLUVIA LLORA SOBRE MEXICO, EL (Record no. 38583)

MARC details
000 -CABECERA
campo de control de longitud fija 00440nam a2200181Ia 4500
001 - NÚMERO DE CONTROL
campo de control 25545
005 - FECHA Y HORA DE LA ÚLTIMA TRANSACCIÓN
campo de control 20260407082743.0
008 - CÓDIGOS DE INFORMACIÓN DE LONGITUD FIJA
campo de control de longitud fija 260115s9999 xx 000 0 und d
010 ## - NÚMERO DE CONTROL DE LA BIBLIOTECA DEL CONGRESO
Número de control de LC 38583
035 ## - NÚMERO DE CONTROL DEL SISTEMA
Número de control de sistema 15934
090 ## - LOCALMENTE ASIGNADO TIPO-LC NÚMERO DE CLASIFICACIÓN (OCLC); NÚMERO DE CLASIFICACIÓN LOCAL (RLIN)
Número de clasificación (OCLC) (R) ; Numero de clasificación CALL (RLIN) (NR) 894.511
100 ## - PUNTO DE ACCESO PRINCIPAL - NOMBRE DE PERSONA
Nombre de persona PASSUTH LASZLO
245 #0 - MENCIÓN DE TÍTULO
Título DIOS DE LA LLUVIA LLORA SOBRE MEXICO, EL
260 ## - PUBLICACIÓN, DISTRIBUCIÓN, ETC. (PIE DE IMPRENTA)
Nombre del editor distribuidor etc. NOGUER Y CARALT
Fecha de publicación distribución etc. 1997
630 ## - PUNTO DE ACCESO ADICIONAL DE MATERIA--TÍTULO UNIFORME
Título uniforme LITERATURA HUNGARA
650 ## - PUNTO DE ACCESO ADICIONAL DE MATERIA--TÉRMINO DE MATERIA
Término de materia o nombre geográfico como elemento inicial LITERATURA HUNGARA
942 ## - ELEMENTOS DE PUNTO DE ACCESO ADICIONAL (KOHA)
Tipo de ítem Koha Monografías
Holdings
Estado de retiro Estado de pérdida Estado dañado No para préstamo Código de colección Localización permanente Ubicación/localización actual Fecha de adquisición Total de préstamos Signatura topográfica completa Código de barras Fecha visto por última vez Número de copia Precio válido a partir de Tipo de ítem Koha Nota pública
          Servicio de Estudios Históricos Servicio de Estudios Históricos 02/05/2001   894.511 22135 05/02/2026 1 05/02/2026 Monografías 20.5 CENTIMETROS, 570 PAGINAS, 2400 PESETAS, BARCELONA.